[Event "SFG 2015 Compact A"]
[Site "Groningen"]
[Date "2015.12.30"]
[Round "5"]
[White "Kollen, Zyon"]
[Black "Wolferink, Frans"]
[Result "1-0"]
[WhiteElo "2290"]
[BlackElo "2045"]
[PlyCount "77"]
[EventDate "2015.12.??"]

1. e4 e5 2. Nf3 Nc6 3. Bb5 a6 4. Ba4 Nge7 5. O-O g6 6. c3 Bg7 7. d4 b5 8. Bb3
exd4 9. cxd4 Na5 10. Bc2 O-O 11. Re1 d6 12. Nc3 h6 13. Rb1 Nec6 14. b4 Nc4 15.
h3 Rb8 16. Rb3 Re8 17. a3 Ne7 18. d5 c6 19. dxc6 Nxc6 20. Nd5 Be6 21. Nf4 Qf6
22. Nxe6 fxe6 23. Rd3 Rf8 24. Re2 Rbd8 25. Bb3 N6e5 26. Nxe5 Qxe5 27. f4 Qh5
28. Re1 Qh4 29. Rf1 e5 30. Rxd6 exf4 31. Bxf4 Rde8 32. g3 Qxh3 33. Rxg6 Kh7 34.
Rxg7+ Kxg7 35. Qd4+ Kg8 36. e5 Qe6 37. Rc1 Rc8 38. Qe4 Rfd8 39. Kf2 {time?} 1-0

[Event "SFG 2015 Compact A"]
[Site "Groningen"]
[Date "2015.12.30"]
[Round "5"]
[White "De Roda Husman, Juan"]
[Black "Van Assendelft, Floris"]
[Result "1-0"]
[WhiteElo "2209"]
[BlackElo "2377"]
[PlyCount "61"]
[EventDate "2015.12.??"]

1. d4 e6 2. c4 b6 3. Nf3 Bb7 4. g3 Bb4+ 5. Bd2 Bxf3 6. exf3 Bxd2+ 7. Qxd2 Qf6
8. Bg2 Nc6 9. d5 Qe5+ 10. Kf1 exd5 11. cxd5 Na5 12. Na3 O-O-O 13. Rc1 Kb8 14.
b4 Nb7 15. Nc4 Qf6 16. f4 d6 17. Ne3 Nh6 18. Bh3 g5 19. fxg5 Qxg5 20. Qc2 f5
21. Bxf5 Rhf8 22. Qxc7+ Ka8 23. Bc8 Nc5 24. Qc6+ Kb8 25. Rxc5 Rxc8 26. Qxd6+
Ka8 27. Rxc8+ Rxc8 28. Kg2 Nf5 29. Nxf5 Qxf5 30. Qe6 Qxe6 31. dxe6 1-0

[Event "SFG 2015 Compact A"]
[Site "Groningen"]
[Date "2015.12.30"]
[Round "5"]
[White "Verhoef, Pieter"]
[Black "Van Putten, Henk"]
[Result "1-0"]
[WhiteElo "1992"]
[BlackElo "2152"]
[PlyCount "125"]
[EventDate "2015.12.??"]

1. e4 c5 2. Nc3 a6 3. g3 b5 4. Bg2 Bb7 5. d3 e6 6. Nf3 d5 7. O-O b4 8. Nb1 Nf6
9. exd5 Bxd5 10. b3 Be7 11. Bb2 Nbd7 12. Nbd2 Nb6 13. Qe2 O-O 14. Ne5 Bxg2 15.
Kxg2 Qc7 16. Ndc4 Nbd5 17. Kg1 h6 18. a4 a5 19. Rfe1 Ra6 20. Qf3 Nh7 21. Ng4 h5
22. Nge3 h4 23. Nxd5 exd5 24. Qxd5 Ng5 25. gxh4 Rg6 26. Kh1 Rd8 27. Qg2 Ne6 28.
Qf3 Nd4 29. Bxd4 Rxd4 30. Re4 Rf6 31. Qe2 Rxe4 32. dxe4 Rf4 33. f3 Rxh4 34. Rd1
Qf4 35. Qg2 Rxh2+ 36. Qxh2 Qxf3+ 37. Qg2 Qxd1+ 38. Kh2 Bf6 39. Kg3 Qe1+ 40. Kf3
Qd1+ 41. Kf4 g5+ 42. Kg3 Kg7 43. Kh2 Qe1 44. Qf3 Bd4 45. Nxa5 Qd2+ 46. Kh3 Qxc2
47. Nc4 Bf6 48. Ne3 Qd2 49. Nf5+ Kg6 50. Ng3 Qd7+ 51. Qf5+ Qxf5+ 52. exf5+ Kh6
53. Ne4 Bd4 54. Nd6 Kg7 55. a5 c4 56. Nxc4 f6 57. Nb6 Kf7 58. Nd5 Bc5 59. a6
Ke8 60. Nxf6+ Kd8 61. Ne4 Be3 62. Kg4 Kc7 63. f6 1-0

[Event "SFG 2015 Compact A"]
[Site "Groningen"]
[Date "2015.12.30"]
[Round "5"]
[White "Bakels, Anton"]
[Black "Kroon, Roelof"]
[Result "1-0"]
[WhiteElo "2064"]
[BlackElo "2209"]
[PlyCount "30"]
[EventDate "2015.12.??"]

1. c4 e5 2. g3 Nc6 3. Bg2 Nf6 4. Nc3 Bc5 5. Nf3 d6 6. d3 O-O 7. O-O a6 8. a3
Nd4 9. e3 Nxf3+ 10. Bxf3 c6 11. d4 Ba7 12. b4 exd4 13. exd4 c5 14. Bg5 h6 15.
Bxf6 Qxf6 {Notatie onleesbaar...[53]} 1-0

[Event "SFG 2015 Compact A"]
[Site "Groningen"]
[Date "2015.12.30"]
[Round "5"]
[White "Termeulen, Albert"]
[Black "Van de Griendt, Wouter"]
[Result "1-0"]
[WhiteElo "2155"]
[BlackElo "1829"]
[PlyCount "41"]
[EventDate "2015.12.??"]

1. e4 c5 2. Nf3 e6 3. d4 cxd4 4. Nxd4 a6 5. Nc3 Qc7 6. Bd3 Bb4 7. O-O Nf6 8.
Qf3 Nc6 9. Nxc6 bxc6 10. Re1 d6 11. Qg3 Qe7 12. f4 Nh5 13. Qf3 Nf6 14. e5 Nd5
15. Rf1 O-O 16. Qe4 Bc5+ 17. Kh1 f5 18. exf6 Nxf6 19. Qe2 e5 20. Ne4 Bg4 21.
Nxf6+ 1-0

[Event "SFG 2015 Compact A"]
[Site "Groningen"]
[Date "2015.12.30"]
[Round "5"]
[White "Fleur, Tinus"]
[Black "Hendriks, Peter"]
[Result "1-0"]
[WhiteElo "1886"]
[BlackElo "1961"]
[PlyCount "45"]
[EventDate "2015.12.??"]

1. Nc3 d5 2. e4 dxe4 3. Nxe4 Nc6 4. Nf3 Bf5 5. Ng3 Bg6 6. Bb5 Qd5 7. Bxc6+ Qxc6
8. d3 Nf6 9. O-O e6 10. Ne5 Qb6 11. h4 Bd6 12. Nc4 Qc5 13. Nxd6+ cxd6 14. Be3
Qd5 15. c4 Qxd3 16. Qa4+ Ke7 17. Rad1 Qc2 18. Qb4 Ne4 19. Nxe4 Bxe4 20. Qxd6+
Kf6 21. Bd4+ Kg6 22. Qg3+ Kh6 23. Qg5# 1-0

[Event "SFG 2015 Compact A"]
[Site "Groningen"]
[Date "2015.12.30"]
[Round "5"]
[White "Nguyen, Kevin"]
[Black "Wubben, Marcel"]
[Result "0-1"]
[WhiteElo "2048"]
[BlackElo "2082"]
[PlyCount "94"]
[EventDate "2015.12.??"]

1. e4 e6 2. d4 d5 3. Nd2 Nf6 4. Bd3 c5 5. c3 cxd4 6. cxd4 dxe4 7. Nxe4 Bb4+ 8.
Nc3 Bd7 9. Nf3 Bc6 10. O-O Nbd7 11. Bg5 Qa5 12. Bd2 Qb6 13. Re1 O-O 14. Be3 Nd5
15. Rc1 Rad8 16. Bg5 Rc8 17. Qe2 Rfe8 18. Qe4 N5f6 19. Qf4 h6 20. Bxf6 Nxf6 21.
Ne5 Red8 22. Red1 Bd6 23. Rd2 Qa5 24. Rcd1 Bb4 25. Qg3 Bd5 26. Nxd5 Qxd5 27.
Re2 Qxd4 28. h3 Qb6 29. Kh1 Rd4 30. a3 Bd6 31. Red2 Bxe5 32. Qxe5 Rd5 33. Qe2
Rcd8 34. Bc2 Qc6 35. Bb3 Rxd2 36. Rxd2 Qc1+ 37. Rd1 Rxd1+ 38. Bxd1 Nd5 39. Qc2
Qxc2 40. Bxc2 f5 41. Kh2 Kf7 42. Kg3 g5 43. Kf3 Kf6 44. g4 Ke5 45. Ba4 Nf4 46.
Kg3 Nd3 47. b3 Nc5 0-1

[Event "SFG 2015 Compact A"]
[Site "Groningen"]
[Date "2015.12.30"]
[Round "5"]
[White "Scharft, Johan"]
[Black "Clemens, Adrian"]
[Result "*"]
[WhiteElo "1951"]
[BlackElo "2182"]
[PlyCount "47"]
[EventDate "2015.12.??"]

1. d4 Nf6 2. Nf3 g6 3. c4 Bg7 4. Nc3 O-O 5. Bf4 d5 6. e3 c5 7. dxc5 Qa5 8. cxd5
Nxd5 9. Be5 Nxc3 10. Qd2 Qxc5 11. Bxg7 Kxg7 12. Rc1 Be6 13. a3 Ne4 14. Rxc5
Nxd2 15. Nxd2 Nd7 16. Rc3 Nb6 17. Bd3 Na4 18. Rc2 Rac8 19. Ke2 Rfd8 20. Rxc8
Rxc8 21. Rb1 Nc5 22. Rc1 Nxd3 23. Rxc8 Bxc8 24. Kxd3 *